|
|
|
|
| LEADER |
00000nam a22000007a 4500 |
| 005 |
20190920132133.0 |
| 007 |
cr|||| |||| |
| 008 |
190920s2014 pe |||||s|||| 00||0 spa d |
| 020 |
|
|
|a 978-612-4218-06-4
|
| 035 |
|
|
|a 30298
|
| 040 |
|
|
|a vLex
|
| 090 |
|
|
|c 9619
|d 9619
|
| 100 |
1 |
|
|a Garca̕ Figueroa, Alfonso J.
|
| 245 |
1 |
0 |
|a Pleitos divinos
|h [Recurso electrn̤ico] /
|c Alfonso J. Garca̕ Figueroa
|
| 256 |
|
|
|a Servicio en ln̕ea
|
| 260 |
|
|
|a Lima:
|b Palestra Editores,
|c 2014
|
| 300 |
|
|
|a 1 recurso electrn̤ico
|
| 506 |
1 |
|
|a Disponible solo en los productos indicados
|d vLex Global
|d vLex Global (Academic Edition, excluding Law Schools)
|d vLex Global (U.S. Academic Edition, Law Schools)
|d vLex Global (U.S. Academic Edition, excluding Law Schools)
|d vLex Global (Academic Edition, Law Schools)
|
| 650 |
0 |
4 |
|a Derecho Militar
|z Per︢
|
| 740 |
0 |
|
|a vLex Libros (Servicio en ln̕ea)
|
| 856 |
4 |
0 |
|u http://vlex.com/source/pleitos-divinos-30298
|z Acceso restringido
|
| 942 |
|
|
|c BOOK
|
| 999 |
0 |
|
|a Military Law
|